000 00628nam a2200181Ia 4500
008 151018s9999 xx 000 0 und d
082 _bRBASDV9408
_a891.463
100 _aधुमकेतू
245 _aभारत सम्राट समुद्र गुप्त
250 _b1
260 _bवोरा अड कंपनी
_c1969
300 _a112
600 _aधुमकेतू
630 _aभारत सम्राट समुद्र गुप्त
700 _aधुमकेतू
730 _aभारत सम्राट समुद्र गुप्त
942 _cBOOK
999 _c1011772
_d1011769